| 000 | 00674cam a2200229L 4500 | ||
|---|---|---|---|
| 001 | 47314 | ||
| 005 | 20230410105257.0 | ||
| 008 | 800726s1975 dr 000 0 spa d | ||
| 035 | _a(OCoLC)ocm80535124 | ||
| 040 |
_aNN _cNYP |
||
| 035 | _a(OCoLC)80535124 | ||
| 050 | 1 | 4 | _aV195n 1975 |
| 100 | 1 | _aValls Carrera, Aurelio. | |
| 245 | 1 | 0 |
_aNotas sobre el cante y baile flamencos / _bpor Aurelio Valls Carrera. |
| 260 |
_aSanto Domingo : _bMuseo del Hombre Dominicano, _c1975. |
||
| 300 |
_a18 p. ; _c22 cm. |
||
| 500 | _aMicrofiche (neg.) 1 sheet. 11 x 15 cm. (NYPL FSN 33,777) | ||
| 650 | 0 | _aFlamenco. | |
| 942 |
_2lcc _cbk |
||
| 994 |
_aC0 _bDRFGD |
||
| 946 | _aLspaulino | ||
| 999 |
_c33465 _d33465 |
||